[Event "Petersburg Summer 2016"]
[Site "St Petersburg"]
[Date "2016.08.20"]
[Round "4.7"]
[White "Lovkov, Roman"]
[Black "Abramov, Nikita"]
[Result "1-0"]
[WhiteElo "2451"]
[BlackElo "2276"]
[PlyCount "251"]
[EventDate "2016.08.17"]
[EventType "swiss"]
[EventCountry "RUS"]

1. d4 Nf6 2. c4 e6 3. g3 c5 4. d5 exd5 5. cxd5 g6 6. Bg2 d6 7. Nc3 Bg7 8. Nf3
O-O 9. O-O a6 10. a4 Re8 11. Nd2 Nbd7 12. Nc4 Nb6 13. Na3 Bf5 14. f3 Qd7 15. a5
Nc8 16. g4 Bxg4 17. fxg4 Nxg4 18. Nc4 Qd8 19. h3 Bd4+ 20. e3 Nxe3 21. Bxe3
Bxe3+ 22. Nxe3 Rxe3 23. Qd2 Re5 24. Rae1 Rxe1 25. Rxe1 Ne7 26. Ne4 Nf5 27. b4
cxb4 28. Qxb4 Qh4 29. Qc3 Nd4 30. Re3 Nf5 31. Nf6+ Kf8 32. Re4 Qh6 33. Qe1 Rc8
34. Nd7+ Kg7 35. Qa1+ Kg8 36. Kh2 Qg7 37. Nf6+ Kh8 38. Qb2 Rb8 39. Rb4 Ne3 40.
Ng4 Nf5 41. Be4 Ne7 42. Nf6 Ng8 43. Nxg8 Kxg8 44. Qxg7+ Kxg7 45. Rb6 Re8 46.
Bg2 Re2 47. Rxd6 Ra2 48. Rb6 Rxa5 49. Rxb7 Ra2 50. Kg3 Rd2 51. Ra7 g5 52. Be4
h5 53. Rxa6 f5 54. Bxf5 Rxd5 55. Be4 Re5 56. Ra4 Rc5 57. Ra7+ Kf6 58. Ra3 Re5
59. Bc2 Rd5 60. Ra6+ Kg7 61. Rg6+ Kf7 62. Rh6 Rc5 63. Be4 Rc3+ 64. Kg2 h4 65.
Bf5 Rg3+ 66. Kf2 Kg7 67. Rg6+ Kf7 68. Ra6 Kg7 69. Bg4 Kf7 70. Ra1 Kf6 71. Ke2
Kg7 72. Rh1 Ra3 73. Bf5 Rg3 74. Bg4 Ra3 75. Bf3 Kf6 76. Rb1 Rc3 77. Rf1 Kg7 78.
Ra1 Kf6 79. Ra5 Rb3 80. Ra6+ Kg7 81. Kf2 Rc3 82. Be4 Rxh3 83. Rg6+ Kf7 84. Rxg5
Rc3 85. Rh5 h3 86. Bf3 Rc2+ 87. Kg3 h2 88. Bg2 h1=N+ 89. Rxh1 Rb2 90. Be4 Ke6
91. Kf4 Rf2+ 92. Bf3 Rc2 93. Rh6+ Kd7 94. Ke5 Rc7 95. Bd5 Ke7 96. Rh8 Kd7 97.
Rf8 Ke7 98. Rf1 Kd7 99. Be6+ Ke7 100. Kd5 Kd8 101. Kd6 Rd7+ 102. Kc6 Rc7+ 103.
Kd6 Rd7+ 104. Ke5 Rc7 105. Kf6 Rc5 106. Rd1+ Kc7 107. Bd5 Kd6 108. Be4+ Kc7
109. Ke6 Rc4 110. Bd5 Rb4 111. Rc1+ Kb6 112. Kd6 Rb2 113. Rc8 Rb4 114. Bc4 Ka5
115. Kd5 Kb6 116. Rc6+ Kb7 117. Ba6+ Ka7 118. Kc5 Rg4 119. Bc4 Rg7 120. Bd5 Re7
121. Rc8 Ka6 122. Rb8 Rg7 123. Rb1 Rc7+ 124. Bc6 Ka7 125. Ra1+ Kb8 126. Ra8#
1-0

[Event "Petersburg Summer 2016"]
[Site "St Petersburg"]
[Date "2016.08.20"]
[Round "4.24"]
[White "Grigoryeva, Olga A"]
[Black "Kiseleva, Arina"]
[Result "1-0"]
[WhiteElo "2156"]
[BlackElo "1999"]
[PlyCount "59"]
[EventDate "2016.08.17"]
[EventType "swiss"]
[EventCountry "RUS"]

1. c4 e6 2. Nc3 d5 3. d4 Nf6 4. cxd5 exd5 5. Bg5 c6 6. e3 Bf5 7. Qf3 Bg6 8.
Bxf6 Qxf6 9. Qxf6 gxf6 10. Rc1 a5 11. h4 h5 12. Nh3 Bd6 13. Nxd5 Nd7 14. Nc3 a4
15. a3 b5 16. d5 b4 17. axb4 Bxb4 18. dxc6 Nc5 19. Nf4 Nb3 20. Nfd5 Nxc1 21.
Nxb4 a3 22. bxa3 Rxa3 23. Nbd5 Ra1 24. c7 Kd7 25. Bb5+ Kd6 26. O-O Nb3 27. Rxa1
Nxa1 28. e4 Bxe4 29. Nxe4+ Kxd5 30. Nxf6+ 1-0